Gaming Quiz

Random Gaming or Nintendo Quiz
Score 0/70 Timer 20:00
1 Play Today
Hint Answer % Correct
The stranded, yet scientifically fascinated, hero is...Captain Olimar
99.1%
...and his ever-so-hungry sidekick is...Louie
92.8%
Now, the number of different types of pikmin they encounter along their travels is...Seven, although one is debatable
85.9%
The story begins with the hero travelling on vacation in his ship...The S.S. Dolphin
76.2%
He soon discovers a strange object that produces pikmin, which he calls...An Onion
75.5%
The heroes hail from the planet known as...Hocotate
73.1%
He names the pikmin after his favorite snack...Pikpik Carrots
72.3%
The hero must get off the planet within 30 days before he is killed by the planet's toxic gas known as...Oxygen
68.5%
These two names, at least in Japanese, were a play on the names of...Mario & Luigi
68.2%
Of course, he does not necessarily succeed in his mission. There is not one ending to the game, but rather...Three endings
66.9%
To pay off this debt, the only asset that the company had to sell was...The S.S. Dolphin
63.5%
...and are employed by the company known as...Hocotate Freight
63.4%
The captain's souvenir from the planet was deemed to be treasure, starting their new quest. This souvenir was...A Bottlecap
58.1%
He then proceeds to collect ship pieces in a wooded area called...The Forest of Hope
57.4%
To rescue the sidekick (or maybe just for financial gain), the hero is surprisingly helped by...The President of Hocotate Freight
57.3%
With his ship near completion, he heads to The Final Trial, where he engages the beast known as...Emperor Bulblax
56.4%
...when a meteor suddenly strikes, forcing him to crash into the first stage known as...The Impact Site
54.7%
...as well as a dark, cave-like area known as...The Forest Navel
52.6%
They were in debt because his new-recruit sidekick was on a mission to deliver...Golden Pikpik Carrots
51.6%
The largest size pellet that you can find is labeled with the number...20
51.2%
The only type of pikmin that does not have the same special abilities across both games is...Yellow Pikmin
51%
The only type of pikmin that does not accompany you when you leave the underground caves is...Bulbmin
49.6%
Your sidekick is certainly not worth his weight in pokos: once rescued, he is worth this many...10
49.1%
The only ones capable of killing the Waterwraith are...Purple Pikmin
48.3%
Once the debt is paid off, the hero sets off for home, but the sidekick...gets left behind
48.1%
...when the cargo was supposedly devoured by...A Ravenous Space-Bunny
47.9%
...and a watery region named...The Distant Spring
46.6%
On the final floor of this cavern, they find the sidekick held captive by (or possibly controlling) a monster known as...Titan Dweevil
46.6%
After he escapes, he returns home to find his company in a massive debt of this many pokos...10100
45.3%
When looking in the Piklopedia, you can affect monsters by pressing either the A or Z buttons to use one of two items. Name one of these items...Pikpik carrots & Ultra-bitter spray
41.9%
Aside from the leaf, bud, and flower, there is one other plant a pikmin can have on its head, which is a...mushroom
41.4%
...and the summertime region called...The Perplexing Pool
41.1%
The final region of the planet that these two visit is the autumn world of...The Wistful Wild
40.8%
The treasure that unlocks Pikmin 2 challenge mode, and is the central object of that mode, is...The Key
39.6%
The treasures also exhibit product placement, as there's many real-world brands represented. Name one...Too many to list, but you got one!
39.5%
Hint Answer % Correct
The heroes then journey across two other regions to collect treasure, which are the springtime region of...The Awakening Wood
39.3%
So they return, landing in a wintery region known as...The Valley of Repose
39.1%
The sidekick is lost within a cave in this region called...The Dream Den
38.7%
Pikmin 2 introduced the new feature of sprays, which came in two varieties. Name one of them...Ultra-spicy & Ultra-bitter
37.7%
There are five major enemies that do not reappear in Pikmin 2. Name one of them...Goolix, Pearly Clamclamp, Armored Cannon Beetle, Puffstool, & Smoky Progg
37.6%
On the Pikmin 2 title screen, the Pikmin can be rearranged to instead say...Nintendo
37.6%
There is a cave that permits only a single specific type of pikmin to enter. This cave is...The Submerged Castle
36.9%
The next day, they explore the new feature of Pikmin 2, underground caves. The first one they enter is...The Emergence Cave
36.8%
If you reach the fourth stage of Pikmin before Day 15, there is an optional enemy you can fight called...Smoky Progg
36.8%
Among the treasures of Pikmin 2, there is one called Gyroid Bust. This is a reference to the Nintendo series...Animal Crossing
35.2%
The heaviest item of either Pikmin games has a weight of 1000. This item is...The Doomsday Apparatus
34.6%
There are two enemies in Pikmin 2 capable of reviving themselves if left alone for some time. Name one of them...Gatling Groink & Spotty Bulbear
34.1%
The first stage of Pikmin is interesting: there are two enemies that will appear after Day 15, alternating every other day. Name both...Mamuta & Goolix
32.6%
When the total pikmin count is reduced to zero, the game shows the hero returning to his ship while displaying these words...Pikmin Extinction
32.2%
By enlisting the Pikmin's help, he recovers his first ship piece, called...The Main Engine
31.5%
There are five ship pieces that are not required to beat Pikmin. Name one of them...Nova Blaster, Space Float, Massage Machine, UV Lamp, & Secret Safe
31%
In Pikmin, the hero is able to lay down and have the pikmin carry him back to their onion. If he is sucked into it, the onion releases...Fireworks
29.5%
Aside from the final boss of Pikmin, there is only one other battle where boss music plays, against the enemy...Beady Long Legs
29.4%
In Pikmin 2, when you assemble a party of 20 of each color pikmin, the pikmin will sing the song...Ai no Uta
27.9%
Upon completing each level of Pikmin 2 challenge mode with a perfect, you unlock the hidden movie titled...Louie's Dark Secret
27.9%
In the Pikmin 2 battle mode, the two captains are able to perform one extra function: they can pick up and throw...Bomb-rocks
25.7%
...and recover the first treasure of the game, called...The Courage Reactor
24.9%
According to the Piklopedia, the only member of the grub-dog family that does not have 'Bulb' in its name is...The Water Dumple
22.8%
There is one enemy in Pikmin 2 with a different attack pattern: instead of chasing whoever's closest, he'll chase the person you're controlling. This enemy is...The Ranging Bloyster
22.4%
Several treasures are a reference to other Nintendo series. Among them is the treasure called Remebered Old Buddy, which is in fact...R.O.B.'s head
22.3%
There is one secret enemy that is not found in the Pikmin 2 piklopedia. This enemy will only appear in swarms every 30 days, in one location. That location is...Wistful Wild
22.2%
There is one ship piece that occasionally encounters a glitch, after which it falls off the stage and is lost forever. This ship piece is...The Libra
21.3%
Very good, you've gotten through the story, now how about some trivia? The head of the company thought that he had taken out a loan with...Happy Hocotate Savings & Loan
20.9%
The pikmin will sing a certain song after 3 minutes and 50 seconds on the cave complete screen. This song is a recurring Nintendo reference called...Totaka's Song (Mario Paint Song)
19.8%
Aside from the first ship piece, there is only one other piece that serves a function in your first quest. That piece is...The Whimsical Radar
18.8%
There is one enemy with the unique ability to mimic your whistle, who is known as...The Antenna Beetle
18.8%
...when in fact he had taken out his loan with...The All-Devouring Black Hole Loan Sharks
17.7%
Good luck with this one: the plant that produced the berries used to make these sprays is called...The Burgeoning Spiderwort
15.7%
There are two parts of the Gamecube controller that do not have the same function in both games. Name both...The Directional Pad & Y Button
14.6%
The treasure known as Brute Knuckles in Pikmin 2 unlocks a three-punch combo known as...The Rocket Fist
13.3%
Remove Ads.
Support Sporcle.
Get the best of Sporcle when you Go Orange. This ad-free experience offers more features, more stats, and more fun while also helping to support Sporcle. Thank you for becoming a member.

You're not logged in!

Compare scores with friends on all Sporcle quizzes.
OR
Log In

Show Comments

Extras

Top Quizzes Today


Score Distribution

Your Account Isn't Verified!

In order to create a playlist on Sporcle, you need to verify the email address you used during registration. Go to your Sporcle Settings to finish the process.

Report this User

Report this user for behavior that violates our Community Guidelines.

Details: